000 00599nam a2200193Ia 4500
003 GCL
008 140319s9999 xx 000 0 ara d
040 _aGCL /
_cGCL
082 0 4 _a690.884
_bن ف
100 1 _aنصرى جرجس
245 1 0 _aفيلات لقضاء العطلة /
_cنصرى جرجس
250 _aالاولى
260 _aسوريا :
_bدار الدراسات المعمارية والبيئية ،
_c1990
300 _a152 ص ؛
_c32 سم
650 0 4 _aالرسم المعمارى
650 0 4 _aالتصميم الهندسى
650 0 4 _aالفيلات
942 _2ddc
_cBK
999 _c5188
_d5188